000 01023nam a22002537a 4500
005 20180716123600.0
008 100104t xxu||||| |||| 00| j hin d
010 _aHIN-88877
020 _a9788189214104
_c160.00
020 _a8189214101
035 _aHN-61223, B-034176
037 _bDBAD / PUB
040 _aDPL
_bHN
082 _a
100 _aवासुदेव
_91473
245 _aनयी बहू की आँखें /
_cवासुदेव
246 _anai bahu kii ankhen
_bby Vashudev
260 _aदिल्ली
_bपीयूष पब्लिशर्स एंड डिस्ट्रीव्यूटर्स
_c2008
270 _aWA,-173, हनुमान मंदिर मार्ग, शकरपुर
_bदिल्ली
_e110092
_k09810136706
300 _a125पृ.
_c22सेमी (सजिल्द)
650 _aलघु कथाएँ, हिन्दी
_91169
650 _aShort stories, Hindi
_96184
942 _2ddc
_cHN
_h
_mवासुदे
999 _c33471
_d33471